|
|
|
|
| LEADER |
00000nam0a2200000 4500 |
| 001 |
282072 |
| 005 |
20231101235450.0 |
| 035 |
|
|
|a (RuTPU)RU\TPU\book\305945
|
| 090 |
|
|
|a 282072
|
| 100 |
|
|
|a 20150128d2014 k y0rusy50 ca
|
| 101 |
0 |
|
|a rus
|
| 102 |
|
|
|a RU
|
| 105 |
|
|
|a a dm 001zy
|
| 200 |
1 |
|
|a Нелинейные структурно-ориентированные методы обработки изображений для неразрушающего контроля
|e автореферат диссертации на соискание ученой степени доктора технических наук
|e спец. 05.11.13
|f В. А. Баранов
|g Национальный исследовательский Томский политехнический университет (ТПУ) ; науч. конс. В. К. Кулешов
|
| 210 |
|
|
|a Томск
|d 2014
|
| 215 |
|
|
|a 42 с.
|c ил.
|
| 300 |
|
|
|a Защита сост. 29.12.2014 г.
|
| 320 |
|
|
|a Библиогр.: с. 39-42 (35 назв.).
|
| 452 |
|
1 |
|0 (RuTPU)RU\TPU\book\294635
|t Нелинейные структурно-ориентированные методы обработки изображений для неразрушающего контроля
|o автореферат диссертации на соискание ученой степени доктора технических наук
|o спец. 05.11.13
|f В. А. Баранов
|g Национальный исследовательский Томский политехнический университет (ТПУ), Институт неразрушающего контроля (ИНК), Лаборатория № 62 (Акустико-эмиссионных методов неразрушающего контроля) ; науч. конс. В. К. Кулешов
|c Томск
|d 2014
|a Баранов, Владимир Александрович
|
| 606 |
1 |
|
|a Неразрушающий контроль
|2 stltpush
|3 (RuTPU)RU\TPU\subj\66931
|9 82903
|
| 610 |
1 |
|
|a изображения
|
| 610 |
1 |
|
|a обработка
|
| 610 |
1 |
|
|a реконструктивная вычислительная диагностика
|
| 610 |
1 |
|
|a структурный подход
|
| 610 |
1 |
|
|a теоретико-групповой статистический подход
|
| 610 |
1 |
|
|a строительные конструкции
|
| 610 |
1 |
|
|a нелинейное обратное проецирование
|
| 610 |
1 |
|
|a методы
|
| 610 |
1 |
|
|a томосинтез
|
| 610 |
1 |
|
|a ядерная энергетика
|
| 610 |
1 |
|
|a объекты
|
| 610 |
1 |
|
|a контроль
|
| 610 |
1 |
|
|a авторефераты диссертаций
|
| 610 |
1 |
|
|a труды учёных ТПУ
|
| 675 |
|
|
|a 620.179.1(04)
|v 3
|
| 686 |
|
|
|a 05.11.13
|2 oksvnk
|
| 700 |
|
1 |
|a Баранов
|b В. А.
|c специалист в области неразрушающего контроля
|c старший научный сотрудник Томского политехнического университета, инженер, кандидат технических наук
|f 1943-
|g Владимир Александрович
|2 stltpush
|3 (RuTPU)RU\TPU\pers\25890
|
| 702 |
|
1 |
|a Кулешов
|b В. К.
|c специалист в области неразрушающего контроля
|c профессор Томского политехнического университета, доктор технических наук
|f 1939-
|g Валерий Константинович
|2 stltpush
|3 (RuTPU)RU\TPU\pers\19828
|4 695
|
| 712 |
0 |
2 |
|a Национальный исследовательский Томский политехнический университет (ТПУ)
|c (2009- )
|2 stltpush
|3 (RuTPU)RU\TPU\col\15902
|
| 801 |
|
1 |
|a RU
|b 63413507
|c 20150128
|
| 801 |
|
2 |
|a RU
|b 63413507
|c 20150607
|g RCR
|
| 942 |
|
|
|c BK
|